U.S. arms exports : policies and contractors /

Bibliographic Details
Main Author: Ferrari, Paul L.
Corporate Author: Investor Responsibility Research Center
Other Authors: Knopf, Jeffrey W., Madrid, Raúl L.
Format: Book
Language:English
Published: Washington, DC : Investor Responsibility Research Center, [1987]
Subjects:

MARC

Tag First Indicator Second Indicator Subfields
LEADER 00000cam a2200000 a 4500
001 in00000020445
005 20151007053925.0
008 870106s1987 dcua bs 00010 eng
010 |a  87080032  
020 |a 0931035120 (pbk.) 
035 |a (OCoLC)15279761 
035 |9 AAB3363AM 
040 |a DLC  |c DLC  |d MTH  |d m/c  |d TXA  |d UtOrBLW 
043 |a n-us--- 
049 |a TXAM  |c [A11060507] 
050 0 0 |a HD9743.U6  |b F47 1987 
082 0 |a 382/.456234/0971  |2 19 
100 1 |a Ferrari, Paul L. 
245 1 0 |a U.S. arms exports :  |b policies and contractors /  |c Paul L. Ferrari, Jeffrey W. Knopf, Raúl L. Madrid. 
264 1 |a Washington, DC :  |b Investor Responsibility Research Center,  |c [1987] 
264 4 |c ©1987 
300 |a xii, 342 pages :  |b illustrations ;  |c 26 cm. 
336 |a text  |b txt  |2 rdacontent 
337 |a unmediated  |b n  |2 rdamedia 
338 |a volume  |b nc  |2 rdacarrier 
504 |a Includes bibliographies. 
650 0 |a Arms transfers  |z United States. 
650 0 |a Arms transfers  |x Government policy  |z United States. 
650 0 |a Military assistance, American. 
700 1 |a Knopf, Jeffrey W. 
700 1 |a Madrid, Raúl L. 
710 2 |a Investor Responsibility Research Center. 
999 |a MARS 
999 f f |s 68cc2f49-eecc-367a-90ca-453e8f7dc856  |i cd921d53-62ec-3fe6-8879-88811a7d7260  |t 0 
952 f f |p ric  |a Texas A&M University  |b Rellis Campus  |c Joint Library Facility  |d Remote Storage  |t 0  |e HD9743.U6 F47 1987  |h Library of Congress classification  |i unmediated -- volume  |m A14811060507 
998 f f |a HD9743.U6 F47 1987  |t 0  |l Remote Storage